Security of self-organizing networks : (Record no. 189492)
[ view plain ]
| 000 -LEADER | |
|---|---|
| fixed length control field | 00897 a2200205 4500 |
| 003 - CONTROL NUMBER IDENTIFIER | |
| control field | Nust |
| 005 - DATE AND TIME OF LATEST TRANSACTION | |
| control field | 20230821081622.0 |
| 010 ## - LIBRARY OF CONGRESS CONTROL NUMBER | |
| LC control number | 2010028807 |
| 020 ## - INTERNATIONAL STANDARD BOOK NUMBER | |
| Qualifying information | 9781439819197 (hardcover : alk. paper) |
| 040 ## - CATALOGING SOURCE | |
| Transcribing agency | Nust |
| 082 00 - DEWEY DECIMAL CLASSIFICATION NUMBER | |
| Classification number | 005.8,PAT |
| 245 00 - TITLE STATEMENT | |
| Title | Security of self-organizing networks : |
| Remainder of title | MANET, WSN, WMN, VANET / |
| Statement of responsibility, etc. | editor, Al-Sakib Khan Pathan. |
| 260 ## - PUBLICATION, DISTRIBUTION, ETC. | |
| Place of publication, distribution, etc. | Boca Raton : |
| Name of publisher, distributor, etc. | Auerbach Publications, |
| Date of publication, distribution, etc. | 2011. |
| 300 ## - PHYSICAL DESCRIPTION | |
| Extent | p. cm. |
| 505 ## - FORMATTED CONTENTS NOTE | |
| Formatted contents note | General Topics: Security of Wireless and Self Organizing Networks (Page-3), Mobile AD HOC Network and Vehicular AD HOC Network Security (Page-127), Wireless Sensor Network Security (Page-297), Wireless Mesh Network Security (Page-545) |
| 650 #0 - SUBJECT ADDED ENTRY--TOPICAL TERM | |
| Topical term or geographic name entry element | Ad hoc networks (Computer networks) |
| General subdivision | Security measures. |
| 9 (RLIN) | 95174 |
| 650 #0 - SUBJECT ADDED ENTRY--TOPICAL TERM | |
| Topical term or geographic name entry element | Self organizaing systems |
| General subdivision | Security measures. |
| 9 (RLIN) | 95175 |
| 700 1# - ADDED ENTRY--PERSONAL NAME | |
| Personal name | Pathan, Al-Sakib Khan. |
| 9 (RLIN) | 6088 |
| 942 ## - ADDED ENTRY ELEMENTS (KOHA) | |
| Koha item type | Reference |
| Source of classification or shelving scheme | |
| Withdrawn status | Lost status | Source of classification or shelving scheme | Damaged status | Not for loan | Permanent Location | Current Location | Shelving location | Date acquired | Full call number | Barcode | Date last seen | Price effective from | Koha item type | Public note |
|---|---|---|---|---|---|---|---|---|---|---|---|---|---|---|
| Military College of Signals (MCS) | Military College of Signals (MCS) | Reference | 12/12/2016 | 005.8,PAT | MCS35156 | 12/08/2016 | 12/12/2016 | Book | Almirah No.18, Shelf No.3 |
